Online
Catalog

Dios - Palabra : (Record no. 40757)

MARC details
000 -CABECERA
campo de control de longitud fija 00613nam a2200169 a 4500
001 - NÚMERO DE CONTROL
campo de control 000041267
005 - FECHA Y HORA DE LA ÚLTIMA TRANSACCIÓN
campo de control 20201002034735.0
008 - DATOS DE LONGITUD FIJA--INFORMACIÓN GENERAL
campo de control de longitud fija 130927s1974 sp 000 0 spa d
020 ## - NÚMERO INTERNACIONAL ESTÁNDAR DEL LIBRO
Número Internacional Estándar del Libro 8471700328
040 ## - FUENTE DE LA CATALOGACIÓN
Centro catalogador/agencia de origen DO-SdBNP
Lengua de catalogación spa
Centro/agencia transcriptor BNPHU
100 1# - ENTRADA PRINCIPAL--NOMBRE DE PERSONA
Nombre de persona Muñoz León, Domingo
9 (RLIN) 15356
245 10 - MENCIÓN DE TÍTULO
Título Dios - Palabra :
Resto del título memra en los targumim del Pentateuco /. /
Mención de responsabilidad, etc. Domingo Muñoz León,.
260 ## - PUBLICACIÓN, DISTRIBUCIÓN, ETC.
Lugar de publicación, distribución, etc. Madrid :
Nombre del editor, distribuidor, etc. Institución San Jerónimo para la Investigación Bíblica,
Fecha de publicación, distribución, etc. 1974.
300 ## - DESCRIPCIÓN FÍSICA
Extensión 757 p. ;
Dimensiones 25 cm.
500 ## - NOTA GENERAL
Nota general Annexos p. 641-693. 695-730. Bibliografia p. 731-743
710 2# - PUNTO DE ACCESO ADICIONAL--NOMBRE DE ENTIDAD CORPORATIVA
Nombre de entidad corporativa o nombre de jurisdicción como elemento de entrada Institución San Jerónimo
9 (RLIN) 67877
Holdings
Estado de retiro Estado de pérdida Restricciones de uso No para préstamo Código de colección Localización permanente Ubicación/localización actual Ubicación en estantería Fecha de adquisición Número de inventario Total de préstamos Signatura topográfica completa Código de barras Fecha visto por última vez Precio válido a partir de Tipo de ítem Koha
      Excluido de préstamo Monografías: Libros y Folletos General General En catalogación 27.09.2013 LF1   41267-10 25.06.2020 25.06.2020 No se presta

Powered by Koha